000 00469nam a22001817a 4500
005 20240304165156.0
008 240304b |||||||| |||| 00| 0 eng d
020 _a9788131706619
082 _a005.133
_bECK-T
100 _aEkel, Bruce.
245 _aThinking in C++ /
_cBruce Ekel
250 _a2nd ed.
260 _aindia:
_bpearson;
_c2000.
300 _a814 p:
_bill,
_c23 cm.
500 _aInclude index.
650 _aComputer Science/Programming
999 _c35212
_d35212